Previdência no serviço público : (Record no. 1443)

MARC details
000 -LÍDER
Campo Fixo de Controle 00930nam a2200277 a 4500
001 - NÚMERO DE CONTROLE
Campo de Controle 1443
003 - IDENTIFICAÇÃO DO NÚMERO DE CONTROLE
Campo de Controle BR-CuiBMT
005 - DATA E HORA DA ÚLTIMA ATUALIZAÇÃO
Campo de Controle 20231210194103.0
008 - DADOS FIXOS
Dados Fixos 231201s2009 dfba 000 0 por d
020 ## - INTERNATIONAL STANDARD BOOK NUMBER
Nº do ISBN 9788588219342
040 ## - AGÊNCIA CATALOGADORA
Código da Agência Catalogadora BR-CuiBMT
Agência que transcreveu o registro BR-CuiBMT
080 ## - Nº DA CLASSIFICAÇÃO DECIMAL UNIVERSAL
Nº Class. CDU 005.521
Nº edição CDU 2007
090 ## - NÚMERO DE CHAMADA
Nº classificação 005.521
Cutter B823p
110 1# - ENTRADA PRINCIPAL -- ENTIDADE
Nome da entidade ou lugar Brasil.
Unidade subordinada Secretaria de Previdência Social.
245 10 - TÍTULO PRINCIPAL
Título principal Previdência no serviço público :
Subtítulo consolidação da legislação federal /
Indicação de responsabilidade Secretaria de Previdência Social.
250 ## - EDIÇÃO
Edição 3. ed. atual.
260 ## - PUBLICAÇÃO, DISTRIBUIÇÃO, ETC.
Local de publicação Brasília :
Editora A Secretaria,
Data 2009.
300 ## - DESCRIÇÃO FÍSICA
N. páginas ou volumes 401 p. :
Ilustrações il. ;
Dimensões 23 cm
490 1# - INDICAÇÃO DE SÉRIE
Título da série Coleção previdência social ;
Volume/designação sequencial da série v. 1
500 ## - NOTAS GERAIS
Notas gerais "Atualizada até maio de 2009".
504 ## - NOTA DE BIBLIOGRAFIA, ETC.
Nota de bibliografia Inclui bibliografia.
650 ## - ASSUNTO TÓPICO
Cabeçalho tópico ou nome geográfico Previdência social
Subdivisão geral Legislação
Subdivisão geográfica Brasil
650 ## - ASSUNTO TÓPICO
Cabeçalho tópico ou nome geográfico Servidores públicos
Subdivisão geográfica Brasil
830 #0 - ENTRADA SECUNDÁRIA DE SÉRIE -- TÍTULO UNIFORME
Título uniforme Previdência social
Nome da parte/seção da publicação Legislação
Nº do volume/designação sequencial da série 1
942 ## - ELEMENTOS DE ENTRADA ADICIONAIS (KOHA)
Fonte de classificação ou esquema de arquivamento Classificação Decimal Universal
Tipo de item do Koha Livros
Holdings
Estado: removido Estado: perdido Fonte de classificação ou esquema de arquivamento Estado: danificado Indisponível para empréstimo Localização permanente Localização atual Data de aquisição Total Checkouts Número de Chamada completo Código de barras Date last seen Número do exemplar Preço efetivo a partir de Tipo de item (Koha)
    Classificação Decimal Universal     Biblioteca da Escola Superior de Contas do TCE/MT Biblioteca da Escola Superior de Contas do TCE/MT 18/10/2018   005.521 B823p 3. ed. BIBTCEMT23120333 10/12/2023 Ex. 1 10/12/2023 Livros

Powered by Koha